| 000 | 00769nam a22002057a 4500 | ||
|---|---|---|---|
| 999 |
_c14341 _d14341 |
||
| 003 | AR-CdUCM | ||
| 008 | 190402b ||||| |||| 00| 0 spa d | ||
| 020 | _a84 8389-768-7 | ||
| 040 |
_aMUNICIPALIDAD PROVINCIAL DEL CUSCO _cBIBLIOTECA MUNICIPAL DEL CUSCO |
||
| 082 |
_aES / 540 / _bCH94 |
||
| 100 |
_aChunga Yaya, José _928092 |
||
| 245 |
_aQuímica : _b3to de secundaria / |
||
| 260 |
_aPerú : _bEditorial magisterio, _c1996. |
||
| 300 |
_a158 páginas _c29 cm. |
||
| 505 | _aContenido :La química de la historia antigua al siglo XVII -- La química moderna -- La masa -- Los fenómenos de la masa -- Propiedades de la materia ... | ||
| 650 |
_aQuímica pura _910177 |
||
| 650 |
_aEducación secundaria _94648 |
||
| 942 |
_2ddc _cLIBROS |
||
| 945 |
_arum _d2019-04-22 |
||